The official guide to the TOEFL test. (Record no. 129278)
[ view plain ]
| 000 -LEADER | |
|---|---|
| fixed length control field | 01181cam a2200325 i 4500 |
| 001 - CONTROL NUMBER | |
| control field | vtls003157545 |
| 003 - CONTROL NUMBER IDENTIFIER | |
| control field | MY-SjTCS |
| 005 - DATE AND TIME OF LATEST TRANSACTION | |
| control field | 20200226114236.0 |
| 008 - FIXED-LENGTH DATA ELEMENTS--GENERAL INFORMATION | |
| fixed length control field | 110218t20092009maua 000 0 eng d |
| 020 ## - INTERNATIONAL STANDARD BOOK NUMBER | |
| International Standard Book Number | 9780071267892 (paperback) |
| 020 ## - INTERNATIONAL STANDARD BOOK NUMBER | |
| International Standard Book Number | 0071267891 (paperback) |
| 039 #9 - LEVEL OF BIBLIOGRAPHIC CONTROL AND CODING DETAIL [OBSOLETE] | |
| Level of rules in bibliographic description | 201809071422 |
| Level of effort used to assign nonsubject heading access points | VLOAD |
| Level of effort used to assign subject headings | 201605301237 |
| Level of effort used to assign classification | pushpa |
| Level of effort used to assign subject headings | 201102181225 |
| Level of effort used to assign classification | VLOAD |
| Level of effort used to assign subject headings | 201101191349 |
| Level of effort used to assign classification | wilmina |
| -- | 201006171423 |
| -- | shuhada |
| 040 ## - CATALOGING SOURCE | |
| Description conventions | rda |
| 082 04 - DEWEY DECIMAL CLASSIFICATION NUMBER | |
| Classification number | 428.24 |
| Item number | OFF 2009 |
| 245 04 - TITLE STATEMENT | |
| Title | The official guide to the TOEFL test. |
| 250 ## - EDITION STATEMENT | |
| Edition statement | Third edition |
| 264 #1 - PRODUCTION, PUBLICATION, DISTRIBUTION, MANUFACTURE, AND COPYRIGHT NOTICE | |
| Place of production, publication, distribution, manufacture | Boston : |
| Name of producer, publisher, distributor, manufacturer | McGraw-Hill, |
| Date of production, publication, distribution, manufacture, or copyright notice | [2009] |
| 264 #4 - PRODUCTION, PUBLICATION, DISTRIBUTION, MANUFACTURE, AND COPYRIGHT NOTICE | |
| Date of production, publication, distribution, manufacture, or copyright notice | ©2009 |
| 300 ## - PHYSICAL DESCRIPTION | |
| Extent | 453 pages : |
| Other physical details | illustrations ; |
| Dimensions | 28 cm. + |
| Accompanying material | 1 CD-ROM (4 3/4 in.) |
| 336 ## - CONTENT TYPE | |
| Content type term | text |
| Source | rdacontent |
| 337 ## - MEDIA TYPE | |
| Media type term | unmediated |
| Source | rdamedia |
| 337 ## - MEDIA TYPE | |
| Media type term | computer |
| Source | rdamedia |
| 338 ## - CARRIER TYPE | |
| Carrier type term | volume |
| Source | rdacarrier |
| 338 ## - CARRIER TYPE | |
| Carrier type term | computer disc |
| Source | rdacarrier |
| 650 #0 - SUBJECT ADDED ENTRY--TOPICAL TERM | |
| Topical term or geographic name entry element | Test of English as a Foreign Language |
| Form subdivision | Study guides. |
| 9 (RLIN) | 18385 |
| 650 #0 - SUBJECT ADDED ENTRY--TOPICAL TERM | |
| Topical term or geographic name entry element | English language |
| Form subdivision | Textbooks for foreign speakers. |
| 9 (RLIN) | 10818 |
| 650 #0 - SUBJECT ADDED ENTRY--TOPICAL TERM | |
| Topical term or geographic name entry element | English language |
| General subdivision | Examinations |
| Form subdivision | Study guides. |
| 9 (RLIN) | 14760 |
| 710 2# - ADDED ENTRY--CORPORATE NAME | |
| Corporate name or jurisdiction name as entry element | Educational Testing Service. |
| 9 (RLIN) | 3778 |
| 920 ## - Programme | |
| Programme | ADTP : 145194, 148312, 145128, 160181 |
| Withdrawn status | Lost status | Source of classification or shelving scheme | Damaged status | Not for loan | Home library | Current library | Date acquired | Total Checkouts | Barcode | Date last seen | Date last checked out | Copy number | Koha item type | Public note | Cost, normal purchase price | Cost, replacement price | Uniform Resource Identifier |
|---|---|---|---|---|---|---|---|---|---|---|---|---|---|---|---|---|---|
| Dewey Decimal Classification | Taylor's Library-TU | Taylor's Library-TU | 18/06/2015 | 19 | 1000534484 | 05/12/2019 | 23/07/2018 | 1 | Accompanying Material (Media Resource) | SLASx,05000,01,GR | |||||||
| Withdrawn | Dewey Decimal Classification | Taylor's Library-TU | Taylor's Library-TU | 27/07/2010 | 26 | 1000523388 | 05/12/2019 | 25/09/2014 | 1 | Accompanying Material (Media Resource) | SLASx,05000,01,GR | 96.01 | 96.01 | ||||
| Withdrawn | Not Returned | Dewey Decimal Classification | Taylor's Library-TU | Taylor's Library-TU | 19/07/2010 | 24 | 5000098941 | 24/04/2013 | 1 | Main Collection | ADTP, 145194 | 96.01 | 96.01 | ||||
| Dewey Decimal Classification | Taylor's Library-TU | Taylor's Library-TU | 01/12/2010 | 83 | 5000102883 | 05/12/2019 | 11/09/2019 | 1 | Main Collection | SLASx,05000,01,GR | 96.01 | 96.01 | Floor 4, Shelf 14 , Side 1, TierNo 3, BayNo 2 |